Podlahová grafika: cesta efektivní reklamy

Podlahová reklama ako súčasť in-store kampaní. Výskumy potvrdzujú obľúbenosť podlahovej reklamy. Trendom je 3D prevedenie. Voľba kvalitného a bezpečného materiálu.

Na minha lista:
Detalhes bibliográficos
Autor principal: Loubek, Václav
Formato: Capítulo de Livro
Idioma:tcheco
Assuntos:
Tags: Adicionar Tag
Sem tags, seja o primeiro a adicionar uma tag!

MARC

LEADER 00000naa a2200000 4500
001 0141521
005 20231019095710.2
041 0 |a cze 
044 |a CZ 
245 1 0 |a Podlahová grafika: cesta efektivní reklamy  |c Václav Loubek 
520 |a Podlahová reklama ako súčasť in-store kampaní. Výskumy potvrdzujú obľúbenosť podlahovej reklamy. Trendom je 3D prevedenie. Voľba kvalitného a bezpečného materiálu. 
610 2 0 |a reklama 
610 2 0 |a propagácia 
610 2 0 |a marketing 
610 2 0 |a efektívnosť 
610 2 0 |a bezpečnosť 
610 2 0 |a zákazníci 
610 2 0 |a tovar 
100 1 |a Loubek, Václav